000 00691nam a2200289Ia 4500
005 20260324121152.0
008 008 260324s9999 xx 000 0 eng d
020 _a9781041057673
037 _aEBOOK
040 _aCRL
040 _beng
040 _cCRL
041 _2eng
041 _aeng
084 _qCRL
100 _aCarey Philpott
_91161459
245 0 _aTheories of Professional Learning
245 2 _bA Critical Guide for Teacher Educators
260 _bTaylor and Francis
260 _c2014
365 _a
365 _b125
856 _uhttp://www.taylorfrancis.com/books/9781041057673
942 _cEBOOK
999 _c1753392
_d1753392